000 00898nac a22002657a 4500
001 BR8400028
003 BR-BrBNA
005 20240105115921.0
008 230509b bl.|||m| |||| 00| 0 por d
040 _aBR-BrBNA
_bpor
_cBiblioteca Nacional de Agricultura
072 _aH20
090 _a0710 BR8400028
100 1 _aWarwick, D.R.N.
110 1 _aCentro Nacional de Recursos Geneticos, Brasilia, DF (Brasil)
_91868
245 1 _aFire blight de maca e pera [Malus communis, Pyrus communis, bacteria]
246 1 _aFire blight of apple and pear [Malus communis, Pyrus communis, bacterium]
260 3 _aBrasilia, DF (Brasil):
_c1983.
300 _a3 p.
490 _aComunicado Tecnico - Centro Nacional de Recursos Geneticos (Brazil)
_vno. 3
_x
650 _aMACA
650 _aPERA
650 _aBACTERIA
909 _a202312
_bLúcia Elande
_c55
_dLúcia Elande
942 _2AGRIS
_n0
_cMS
999 _c277063
_d277063